| 000 | 00581cam a2200205 a 4500 | ||
|---|---|---|---|
| 001 | 000010067 | ||
| 003 | UkOxU | ||
| 005 | 20200929161827.0 | ||
| 008 | 050603s2004 sp 001 p spa d | ||
| 020 | _a846093277X | ||
| 082 |
_a861.7 _bE74c |
||
| 100 | 1 |
_aEscartín, Carlos. _925046 |
|
| 245 | 1 | 0 |
_aCronocidio : _bpoesía / _cCarlos Escartín. |
| 260 |
_a[S.l.] : _bCarlos Escartín, _c2004. |
||
| 300 |
_a189 p. ; _c18 cm. |
||
| 650 | 4 |
_aPoesía española _9631 |
|
| 650 | 4 |
_aLiteratura española _ySIGLO XX _93326 |
|
| 910 | _aCatalogación por copia / OXFORD | ||
| 999 |
_c9826 _d9826 |
||
| 040 | _aDO-SdBNP | ||